| 000 -LEADER |
| fixed length control field |
00660nam a2200193 a 4500 |
| 020 ## - INTERNATIONAL STANDARD BOOK NUMBER |
| ISBN |
0888864434 |
| 040 ## - CATALOGING SOURCE |
| Transcribing agency |
NLC |
| 082 00 - DEWEY DECIMAL CLASSIFICATION NUMBER |
| Classification number |
331 PUB 1997 A068 Co. |
| 245 00 - TITLE STATEMENT |
| Title |
Transition and structural change in the North American labour market / |
| 260 ## - PUBLICATION, DISTRIBUTION, ETC. (IMPRINT) |
| Place of publication |
Kingston, Ont. : |
| Name of publisher |
Published jointly by IRC Press, Industrial Relations Centre and John Deutsch Institute, |
| Year of publication |
1997. |
| 300 ## - PHYSICAL DESCRIPTION |
| Number of Pages |
xii, 356 p. : |
| Other physical details |
ill. ; |
| Dimensions |
23 cm. |
| 650 #0 - SUBJECT ADDED ENTRY--TOPICAL TERM |
| Topical Term |
Labor market |
| 650 #0 - SUBJECT ADDED ENTRY--TOPICAL TERM |
| Topical Term |
Labor market |
| 700 1# - ADDED ENTRY--PERSONAL NAME |
| Personal name |
Abbott, Michael G. |
| 700 1# - ADDED ENTRY--PERSONAL NAME |
| Personal name |
Beach, Charles M. |
| 700 1# - ADDED ENTRY--PERSONAL NAME |
| Personal name |
Chaykowski, Richard P. |
| 710 2# - ADDED ENTRY--CORPORATE NAME |
| Corporate name or jurisdiction name as entry element |
John Deutsch Institute for the Study of Economic Policy. |
| 942 ## - ADDED ENTRY ELEMENTS (KOHA) |
| Koha item type |
សៀវភៅភាសាអង់គ្លេស |
| 952 ## - LOCATION AND ITEM INFORMATION (KOHA) |
| Withdrawn status [LOCAL, KOHA] |
0 |